000
00270nam a2200109Ia 4500
008
190216s9999||||xx |||||||||||||| ||und||
100
_a
Jain Sp And Narag K L
245
0
_a
Advanced Financial Accounting
260
_b
Kalyani Publisher
_c
2003
300
_a
580p
942
_c
BK
999
_c
6315
_d
6315